Propuesta para el desarrollo e implementación de herramientas de renovación urbana para el distrito central de Desamparados
Wedi'i Gadw mewn:
| Prif Awdur: | |
|---|---|
| Awduron Eraill: | |
| Fformat: | Anhysbys |
| Iaith: | Spanish |
| Cyhoeddwyd: |
[San José, Costa Rica]
2016
|
| Pynciau: | |
| Tagiau: |
Ychwanegu Tag
Dim Tagiau, Byddwch y cyntaf i dagio'r cofnod hwn!
|
MARC
| LEADER | 00000 a2200000 4500 | ||
|---|---|---|---|
| 003 | EA0161 | ||
| 005 | 20230224154448.0 | ||
| 008 | 140114s2016 cr a 000 ||spa d | ||
| 040 | |c cru CEDI | ||
| 090 | |a TFG EA-161 | ||
| 100 | |a Cisneros Víquez, Carlos Eduardo |9 20298 | ||
| 245 | |a Propuesta para el desarrollo e implementación de herramientas de renovación urbana para el distrito central de Desamparados | ||
| 260 | |a [San José, Costa Rica] |c 2016 | ||
| 500 | |a Proyecto de graduación (licenciatura en arquitectura)--Universidad de Costa Rica. Facultad de Ingeniería. Escuela de Arquitectura | ||
| 501 | |a Directora de Proyecto de Graduación: Arq. Dania Chavarría Núñez | ||
| 650 | |x REHABILITACION URBANA - DESAMPARADOS (SAN JOSE, COSTA RICA) |x URBANISMO - DESAMPARADOS (SAN JOSE, COSTA RICA) |x POLITICA URBANA - DESAMPARADOS (SAN JOSE, COSTA RICA) |x ORDENAMIENTO TERRITORIAL - ASPECTOS LEGALES - DESAMPARADOS (SAN JOSE, COSTA RICA) |x ANALISIS DE SUELOS |x DESARROLLO URBANO |9 20299 | ||
| 700 | |9 118 |a Chavarría Núñez, Dania, 1975- |d Directora del TFG | ||
| 942 | |c CEDI | ||
| 999 | |c 12696 |d 12696 | ||
